Electric machinery fundamentals (Record no. 1110)

000 -LEADER
fixed length control field 00674nam a22002294a 4500
001 - CONTROL NUMBER
control field 1110
003 - CONTROL NUMBER IDENTIFIER
control field BD-DhUET
008 - FIXED-LENGTH DATA ELEMENTS--GENERAL INFORMATION
fixed length control field 030923s2005 nyua b 001 0 eng
020 ## - INTERNATIONAL STANDARD BOOK NUMBER
International Standard Book Number 0071151559
040 ## - CATALOGING SOURCE
Original cataloging agency DLC
Transcribing agency DLC
Modifying agency BD-DhUET
082 00 - DEWEY DECIMAL CLASSIFICATION NUMBER
Classification number 623
Item number CHA/2005
100 1# - MAIN ENTRY--PERSONAL NAME
Personal name Chapman, Stephen J.
245 10 - TITLE STATEMENT
Title Electric machinery fundamentals
250 ## - EDITION STATEMENT
Edition statement 4th ed.
260 ## - PUBLICATION, DISTRIBUTION, ETC. (IMPRINT)
Place of publication, distribution, etc. Boston
Name of publisher, distributor, etc. McGraw-Hill
Date of publication, distribution, etc. 2005
300 ## - PHYSICAL DESCRIPTION
Extent xxii, 746p.
Other physical details ill.
Dimensions 24 cm.
500 ## - GENERAL NOTE
General note Includes bibliographies
650 #0 - SUBJECT ADDED ENTRY--TOPICAL TERM
Topical term or geographic name as entry element Electric engineering
856 41 - ELECTRONIC LOCATION AND ACCESS
Uniform Resource Identifier http://www.loc.gov/catdir/toc/mh041/2003065174.html
856 42 - ELECTRONIC LOCATION AND ACCESS
Uniform Resource Identifier http://www.loc.gov/catdir/description/mh041/2003065174.html
942 ## - ADDED ENTRY ELEMENTS (KOHA)
Koha item type General Book
Holdings
Koha out on loan Location (home branch) Price effective from Koha full call number Date acquired Koha item type Koha date last borrowed Koha normalized classification for sorting Koha issues (times borrowed) Koha date last seen Shelving location Lost status Piece designation (barcode) Copy number Damaged status Withdrawn status Not for loan Source of classification or shelving scheme Sublocation or collection (holding branch) Koha renewals
 Central Library, BUET2014-08-30623/CHA/20052014-08-30General Book2024-12-18623_000000000000000_CHA_2005152025-04-16Circulation section 1033331    Central Library, BUET 
 Central Library, BUET2014-08-30623/CHA/20052014-08-30General Book2026-03-30623_000000000000000_CHA_2005232026-04-15Circulation section 1033352    Central Library, BUET 
2017-02-26Central Library, BUET2014-08-30623/CHA/20052014-08-30General Book2016-02-27623_000000000000000_CHA_200522016-02-27Circulation section 1033363    Central Library, BUET 
2022-12-06Central Library, BUET2014-08-30623/CHA/20052014-08-30General Book2022-11-22623_000000000000000_CHA_2005112022-11-22Circulation section 1033374    Central Library, BUET1
2025-12-15Central Library, BUET2015-01-26623/CHA/20052015-01-26General Book2025-12-01623_000000000000000_CHA_2005172025-12-01Circulation section 1033395    Central Library, BUET 
 Central Library, BUET2015-12-30623/CHA/20052015-12-30General Book2026-01-07623_000000000000000_CHA_2005252026-02-03Circulation section 1033406    Central Library, BUET